000 00971nam a2200265Ia 4500
003 OSt
005 20220923211542.0
006 a|||||r|||| 00| 0
007 ta
008 220922b |||||||| |||| 00| 0 pan d
020 _a9789383392117 (hbk)
_c250
024 _a349,479
037 _b172, 15/02/2019, National Book Shop
_cTextual
040 _aARTS
_cARTS
_bpan
041 _2pan
_apan
082 _aO153,1N191:g, Q8
100 _aਕੌਰ, ਗੁਰਪ੍ਰੀਤ, ਂਚ.
_9159121
245 0 _aਅੰਮ੍ਰਿਤਾ ਪ੍ਰੀਤਮ
_b ਇਕ ਅਧਿਐਨ
260 _aਚੰਡੀਗੜ੍ਹ
_b ਲੋਕਗੀਤ ਪ੍ਰਕਾFਨ
_c2018
300 _a97ਪ੍ਰ0
_ccm.
650 _a ਪੰਜਾਬੀ ਕਾਵਿ
650 _aਪੰਜਾਬੀ ਸਾਹਿਤ
942 _hO153,1N191:g, Q8
_cTEXL
_2CC
999 _c300695
_d300695